000 00356nam a2200145Ia 4500
008 230711s9999||||xx |||||||||||||| ||und||
041 _aENG
082 _a5
_bBA-P
100 _aBalagurusamy,E
245 0 _aProgramming in C
250 _a1st
260 _c1990
_aNew Delhi
_bTata McGraw Hill Education Limited
650 _aComputer Engineering
942 _cBK
999 _c685
_d685